000 00633nam a2200205Ia 4500
008 230125s9999 xx 000 0 und d
020 _a978-81-7505-374-8
041 _aeng
082 _a823
_bBOD
100 _aBodhasarananda S (Pub.)
_9112639
245 _aThe Complete works of Swami Vivekananda : Volume 2
250 _a2nd Ed.
260 _c2013
_bBodhasarananda S
_aKolkata
300 _a550
440 _aThe complete works of Swami Vivekananda
_9117193
500 _aEnglish Literature;Literature;Swami Vivekananda;
650 _aEnglish Literature
700 _aBodhasarananda S (Pub.)
_9112639
999 _c94934
_d94934